000 00226 a2200097 4500
001 45920
100 _aLondon K
245 _aThe soviet union in world politics
260 _aLondon
_bWestview press
_c
090 _c29031
_d29031
942 _aNUST-CAE
_cM
_c21149
999 _c280993
_d280993